Technologischer und gesellschaftlicher Wandel Theorien im Vergleich
Uložené v:
| Hlavný autor: | |
|---|---|
| Médium: | Kniha |
| Jazyk: | German |
| Vydavateľské údaje: |
Kiel
Institut für Weltwirtschaft
1991
|
| Vydanie: | 1. Aufl. |
| Edícia: | Kieler Arbeitspapier
Nr. 493 |
| Predmet: | |
| Tagy: |
Žiadne tagy, Buďte prvý, kto otaguje tento záznam!
|
MARC
| LEADER | 00000nam a2200000 4500 | ||
|---|---|---|---|
| 001 | c005302 | ||
| 005 | 20221214095030.2 | ||
| 041 | 0 | |a ger | |
| 044 | |a DE | ||
| 245 | 1 | 0 | |a Technologischer und gesellschaftlicher Wandel |b Theorien im Vergleich |c Ger van Roon |
| 250 | |a 1. Aufl. | ||
| 264 | 1 | |a Kiel |b Institut für Weltwirtschaft |c 1991 | |
| 300 | |a 25 s. | ||
| 490 | 1 | |a Kieler Arbeitspapier |v Nr. 493 | |
| 830 | 0 | |a Kieler Arbeitspapier |v Nr. 493 | |
| 610 | 2 | 0 | |a teórie ekonomické |
| 610 | 2 | 0 | |a teórie rastu hospodárskeho |
| 610 | 2 | 0 | |a teória a prax |
| 610 | 2 | 0 | |a technológia |
| 610 | 2 | 0 | |a spoločnosť |
| 610 | 2 | 0 | |a konjunktúra |
| 610 | 2 | 0 | |a demografia |
| 610 | 2 | 0 | |a analýza sociálna |
| 610 | 2 | 0 | |a kultúra |
| 610 | 2 | 0 | |a politika |
| 610 | 2 | 0 | |a modely |
| 100 | 1 | |a Roon, Ger van | |